000
00271nam a22001097a 4500
082
_a
925 ALB'S
100
_a
SCHILPP, PAUL ARTHUR
_9
57588
245
_a
ALBERT EINSTEIN PHILOSIPHICAL SCIENTIST
260
_a
NEWYORK
_b
HARPER & BROTHER
_c
1959
300
_a
781P
942
_c
BK
999
_c
567860
_d
567860